Postavenie noriem práva Európskej únie v rámci ústavného práva a ostatnej právnej úpravy Slovenskej republiky.

Analýza postavenia práva Európskej únie v rámci ústavného práva a ostatnej súvisiacej právnej úpravy Slovenskej republiky. Stručný prehľad verejného medzinárodného práva ako prameňa Európskej únie a vnútroštátneho práva a vzťahu práva Európskej únie a vnútroštátneho práva.

Salvato in:
Dettagli Bibliografici
Autore principale: Jankuv, Juraj
Natura: Capitolo di libro
Lingua:slovacco
Soggetti:
Tags: Aggiungi Tag
Nessun Tag, puoi essere il primo ad aggiungerne!!

MARC

LEADER 00000naa a2200000 4500
001 0248981
005 20181119105728.1
041 0 |a slo 
044 |a SK 
245 1 0 |a Postavenie noriem práva Európskej únie v rámci ústavného práva a ostatnej právnej úpravy Slovenskej republiky.  |c Juraj Jankuv 
520 |a Analýza postavenia práva Európskej únie v rámci ústavného práva a ostatnej súvisiacej právnej úpravy Slovenskej republiky. Stručný prehľad verejného medzinárodného práva ako prameňa Európskej únie a vnútroštátneho práva a vzťahu práva Európskej únie a vnútroštátneho práva. 
610 2 0 |a právo medzinárodné 
610 2 0 |a právo verejné medzinárodné 
610 2 0 |a právo ústavné 
610 2 0 |a právo európske 
610 2 0 |a legislatíva 
610 2 0 |a úpravy právne 
610 2 0 |a právo štátne 
100 1 |a Jankuv, Juraj